|
|
|
|
| LEADER |
01309nam a2200349Ia 4500 |
| 001 |
EBC700523 |
| 003 |
MiAaPQ |
| 005 |
20200520144314.0 |
| 006 |
m o d | |
| 007 |
cr cn||||||||| |
| 008 |
100920s2011 nju s 001 0 eng d |
| 010 |
|
|
|z 2010039894
|
| 020 |
|
|
|z 9780470601969 (hardback)
|
| 035 |
|
|
|a (MiAaPQ)EBC700523
|
| 035 |
|
|
|a (Au-PeEL)EBL700523
|
| 035 |
|
|
|a (CaPaEBR)ebr10446694
|
| 035 |
|
|
|a (CaONFJC)MIL302625
|
| 035 |
|
|
|a (OCoLC)784881925
|
| 040 |
|
|
|a MiAaPQ
|c MiAaPQ
|d MiAaPQ
|
| 050 |
|
4 |
|a HG4910
|b .C585 2011
|
| 082 |
0 |
4 |
|a 332.63/20973
|2 22
|
| 100 |
1 |
|
|a Collins, Patrick S.,
|d 1940-
|
| 245 |
1 |
0 |
|a Regulation of securities, markets, and transactions
|h [electronic resource] :
|b a guide to the new environment /
|c Patrick S. Collins.
|
| 260 |
|
|
|a Hoboken, N.J. :
|b Wiley,
|c 2011.
|
| 300 |
|
|
|a xix, 364 p.
|
| 490 |
0 |
|
|a Wiley finance ;
|v 585
|
| 500 |
|
|
|a Includes index.
|
| 533 |
|
|
|a Electronic reproduction. Ann Arbor, MI : ProQuest, 2015. Available via World Wide Web. Access may be limited to ProQuest affiliated libraries.
|
| 650 |
|
0 |
|a Securities
|z United States.
|
| 650 |
|
0 |
|a Securities industry
|x Law and legislation
|z United States.
|
| 655 |
|
4 |
|a Electronic books.
|
| 856 |
4 |
0 |
|u https://ebookcentral.proquest.com/lib/matrademy/detail.action?docID=700523
|z Click to View
|